Учебный проект. Часть 3 / ДОФ 2023 (12.03.01): электронный курс
| المؤلف الرئيسي: | |
|---|---|
| مؤلف مشترك: | |
| مؤلفون آخرون: | |
| الملخص: | Заглавие с экрана Основной целью курса является получение знаний об аналого-цифровых преобразователях, видах и особенностях сигналов, с которыми они работают, их параметрах, а также методиках расчёта погрешности преобразования. Курс предназначен для студентов бакалавриата второго года обучения в 4 семестре. Курс нацелен на изучение таких тем как: общие сведения об электрических сигналах, параметры аналого-цифровых преобразователей и методы реализации аналого-цифровых преобразователей Интерактивный мультимедиа ресурс AM_Login_TPU |
| اللغة: | الروسية |
| منشور في: |
Томск, TPU Moodle, 2025
|
| الموضوعات: | |
| الوصول للمادة أونلاين: | https://design.lms.tpu.ru/course/view.php?id=4992 |
| التنسيق: | MixedMaterials الكتروني كتاب |
| KOHA link: | https://koha.lib.tpu.ru/cgi-bin/koha/opac-detail.pl?biblionumber=679886 |
MARC
| LEADER | 00000nlm0a2200000 4500 | ||
|---|---|---|---|
| 001 | 679886 | ||
| 005 | 20250425091517.0 | ||
| 090 | |a 679886 | ||
| 100 | |a 20250423d2025 m||y0rusy50 ca | ||
| 101 | 0 | |a rus | |
| 102 | |a RU | ||
| 105 | |a a j 000yy | ||
| 135 | |a jrcn ---uucaa | ||
| 181 | 0 | |a i |b e | |
| 182 | 0 | |a b | |
| 183 | 0 | |a cr |2 RDAcarrier | |
| 200 | 1 | |a Учебный проект. Часть 3 / ДОФ 2023 (12.03.01) |e электронный курс |f Ш. С. Яркимбаев, И. Н. Разуваев |g Национальный исследовательский Томский политехнический университет, Отделение контроля и диагностики | |
| 203 | |a Текст |c электронный |b визуальный | ||
| 210 | |a Томск |c TPU Moodle |d 2025 | ||
| 283 | |a online_resource |2 RDAcarrier | ||
| 300 | |a Заглавие с экрана | ||
| 330 | |a Основной целью курса является получение знаний об аналого-цифровых преобразователях, видах и особенностях сигналов, с которыми они работают, их параметрах, а также методиках расчёта погрешности преобразования. Курс предназначен для студентов бакалавриата второго года обучения в 4 семестре. Курс нацелен на изучение таких тем как: общие сведения об электрических сигналах, параметры аналого-цифровых преобразователей и методы реализации аналого-цифровых преобразователей | ||
| 336 | |a Интерактивный мультимедиа ресурс | ||
| 371 | 0 | |a AM_Login_TPU | |
| 606 | |a Студенты |x Научно-исследовательская работа |9 83939 | ||
| 606 | |a Преобразователи аналого-цифровые (ЦАП) |9 86453 | ||
| 610 | 1 | |a электронный ресурс | |
| 610 | 1 | |a труды учёных ТПУ | |
| 610 | 1 | |a электронное обучение | |
| 610 | 1 | |a кампусные онлайн-курсы | |
| 610 | 1 | |a дистанционное образование | |
| 610 | 1 | |a дистанционное обучение | |
| 610 | 1 | |a e-learning | |
| 610 | 1 | |a Moodle | |
| 610 | 1 | |a электрические сигналы | |
| 610 | 1 | |a аналого-цифровые преобразователи | |
| 675 | |a 004.387(075.8) |v 4 | ||
| 686 | |2 rubbk |a Ч481.268я73 | ||
| 700 | 1 | |a Яркимбаев |b Ш. C. |c специалист в области приборостроения |c ассистент ОКД ИШНКБ Томского политехнического университета |f 1997- |g Шамиль Сергеевич |9 23016 | |
| 701 | 1 | |a Разуваев |b И. Н. |c специалист в области приборостроения |c ассистент ОКД ИШНКБ Томского политехнического университета |f 1999- |g Иван Николаевич |9 23031 | |
| 712 | 0 | 2 | |a Национальный исследовательский Томский политехнический университет |b Инженерная школа неразрушающего контроля и безопасности |b Отделение контроля и диагностики |9 28375 |4 570 |
| 801 | 0 | |a RU |b 63413507 |c 20250423 |g RCR | |
| 850 | |a 63413507 | ||
| 856 | 4 | |u https://design.lms.tpu.ru/course/view.php?id=4992 |z https://design.lms.tpu.ru/course/view.php?id=4992 | |
| 942 | |c CF | ||